[Event "CZE-chT2E 0910"]
[Site "Czech Republic"]
[Date "2010.04.18"]
[Round "11.8"]
[White "Kuchynka, Lubos"]
[Black "Stuchly, Radim"]
[Result "1/2-1/2"]
[WhiteElo "2012"]
[BlackElo "2030"]
[PlyCount "106"]
[EventDate "2009.10.18"]
[EventType "team-tourn"]
[EventRounds "11"]
[EventCountry "CZE"]
[SourceTitle "EXT 2012"]
[Source "ChessBase"]
[SourceDate "2011.11.24"]
[SourceVersion "1"]
[SourceVersionDate "2011.11.24"]
[SourceQuality "1"]
[WhiteTeam "Hustopece"]
[BlackTeam "Stare Mesto II"]
[WhiteTeamCountry "CZE"]
[BlackTeamCountry "CZE"]

1. d4 Nf6 2. c4 g6 3. Nc3 Bg7 4. e4 d6 5. Nf3 0-0 6. h3 Nbd7 7. Bg5 c6 8. Qd2 e5 9. d5 cxd5 10. cxd5 a6 11. Bd3 b5 12. Qe3 Re8 13. 0-0 Qb6 14. Nd2 Qxe3 15. Bxe3 Bb7 16. Rac1 Rec8 17. Ne2 Nc5 18. Bb1 a5 19. Rfe1 Bf8 20. f3 Nfd7 21. a3 Kg7 22. b4 axb4 23. axb4 Na6 24. Nc3 Nxb4 25. Nxb5 Ra5 26. Nc3 Ba6 27. Kf2 Nc5 28. Bxc5 Raxc5 29. Ne2 Kf6 30. Nb3 Rxc1 31. Rxc1 Rxc1 32. Nexc1 Be7 33. g3 Bd8 34. Na2 Bb6+ 35. Kg2 Nxa2 36. Bxa2 Bc4 37. Nc1 Bb5 38. Bb3 Be3 39. Na2 Bd2 40. Kf2 h6 41. f4 exf4 42. gxf4 Bxf4 43. Nb4 Bd2 44. Nc6 Bc3 45. Bd1 Bd3 46. Ke3 Bf1 47. Bg4 h5 48. Bd7 Kg5 49. Kf2 Bd3 50. Ke3 Bf1 51. Kf2 Bc4 52. Nd8 Kf6 53. Nc6 Bd3 1/2-1/2

[Event "CZE-chT2E 0809"]
[Site "Czech Republic"]
[Date "2009.04.05"]
[Round "11.7"]
[White "Stuchly, Radim"]
[Black "Perina, Michal"]
[Result "1/2-1/2"]
[WhiteElo "2019"]
[BlackElo "2015"]
[PlyCount "67"]
[EventDate "2008.10.12"]
[EventType "team-tourn"]
[EventRounds "11"]
[EventCountry "CZE"]
[SourceTitle "EXT 2010"]
[Source "ChessBase"]
[SourceDate "2010.11.25"]
[SourceVersion "1"]
[SourceVersionDate "2010.11.25"]
[SourceQuality "1"]
[WhiteTeam "Stare Mesto II"]
[BlackTeam "Olomouc"]
[WhiteTeamCountry "CZE"]
[BlackTeamCountry "CZE"]

1. e4 e5 2. Nf3 Nf6 3. Nxe5 d6 4. Nc4 Nxe4 5. Qe2 Qe7 6. Ne3 c6 7. c4 g6 8. d3 Nf6 9. b3 Bg7 10. Bb2 0-0 11. g3 Re8 12. Nc3 Ng4 13. Ncd1 Bxb2 14. Qxb2 Ne5 15. Kd2 Na6 16. Be2 Nc5 17. Nc3 Qf6 18. Ncd1 Bf5 19. Nxf5 Qxf5 20. Qd4 Nf3+ 21. Bxf3 Qxf3 22. Nc3 Re6 23. Rhe1 Rae8 24. Rxe6 Rxe6 25. b4 Na6 26. a3 g5 27. Ne4 h6 28. Re1 c5 29. bxc5 dxc5 30. Nxc5 Nxc5 31. Qxc5 Rxe1 32. Kxe1 Qxd3 33. Qxa7 Qxc4 34. Qxb7 1/2-1/2

[Event "CZE-chT2E 0809"]
[Site "Czech Republic"]
[Date "2009.03.22"]
[Round "10.5"]
[White "Svancara, Petr"]
[Black "Stuchly, Radim"]
[Result "1/2-1/2"]
[WhiteElo "2187"]
[BlackElo "2019"]
[PlyCount "89"]
[EventDate "2008.10.12"]
[EventType "team-tourn"]
[EventRounds "11"]
[EventCountry "CZE"]
[SourceTitle "EXT 2010"]
[Source "ChessBase"]
[SourceDate "2010.11.25"]
[SourceVersion "1"]
[SourceVersionDate "2010.11.25"]
[SourceQuality "1"]
[WhiteTeam "Grygov II"]
[BlackTeam "Stare Mesto II"]
[WhiteTeamCountry "CZE"]
[BlackTeamCountry "CZE"]

1. e4 c5 2. Nc3 Nc6 3. f4 g6 4. Nf3 Bg7 5. Bb5 e6 6. Bxc6 bxc6 7. 0-0 Ne7 8. d3 Rb8 9. Qe1 d5 10. b3 0-0 11. Bd2 f5 12. e5 c4 13. dxc4 dxc4 14. Be3 Nd5 15. Nxd5 cxd5 16. Bxa7 Ra8 17. Bc5 Ba6 18. Rf2 Re8 19. Nd4 Bf8 20. Bxf8 Kxf8 21. b4 Qb6 22. c3 Bb5 23. h3 Ra3 24. Kh2 Rea8 25. Qe3 Kg8 26. g4 fxg4 27. hxg4 Bd7 28. f5 exf5 29. gxf5 Qxb4 30. Rc1 Re8 31. Qg3 Qb8 32. Re1 Kg7 33. Re3 Ra6 34. e6 Qxg3+ 35. Rxg3 Bc8 36. f6+ Kf8 37. e7+ Kf7 38. Rgf3 Bd7 39. Rf4 h6 40. Nf3 Re6 41. Nd4 Ra6 42. Kg2 Rea8 43. a3 Rb6 44. Nf3 Re6 45. Nd4 1/2-1/2

[Event "CZE-chT2E 0809"]
[Site "Czech Republic"]
[Date "2008.11.23"]
[Round "3.5"]
[White "Bednar, Jakub"]
[Black "Stuchly, Radim"]
[Result "1/2-1/2"]
[WhiteElo "2103"]
[BlackElo "2019"]
[PlyCount "72"]
[EventDate "2008.10.12"]
[EventType "team-tourn"]
[EventRounds "11"]
[EventCountry "CZE"]
[SourceTitle "EXT 2010"]
[Source "ChessBase"]
[SourceDate "2010.11.25"]
[SourceVersion "1"]
[SourceVersionDate "2010.11.25"]
[SourceQuality "1"]
[WhiteTeam "Brno Lokomotiva III"]
[BlackTeam "Stare Mesto II"]
[WhiteTeamCountry "CZE"]
[BlackTeamCountry "CZE"]

1. e4 e5 2. Nf3 Nc6 3. d4 exd4 4. Bc4 Nf6 5. e5 d5 6. Bb5 Ne4 7. Nxd4 Bd7 8. Bxc6 bxc6 9. 0-0 Be7 10. f3 Nc5 11. c3 0-0 12. Be3 Ne6 13. Nd2 c5 14. Nxe6 fxe6 15. Nb3 Ba4 16. Qd2 Bxb3 17. axb3 a5 18. Qf2 d4 19. cxd4 cxd4 20. Bxd4 Qd5 21. Rac1 Rfc8 22. Bc5 Bxc5 23. Rxc5 Qxb3 24. Rfc1 Qb6 25. Rc6 Qxf2+ 26. Kxf2 Rab8 27. R1c2 Kf7 28. Rxc7+ Rxc7 29. Rxc7+ Kg6 30. Rc2 Kf5 31. Re2 h5 32. g3 g5 33. h3 Rb3 34. g4+ hxg4 35. hxg4+ Kg6 36. Kg3 Rb5 1/2-1/2

[Event "Stare Mesto op"]
[Site "Stare Mesto"]
[Date "2007.08.11"]
[Round "2"]
[White "Vojtek, Vladimir"]
[Black "Stuchly, Radim"]
[Result "1-0"]
[WhiteElo "2352"]
[BlackElo "2063"]
[PlyCount "65"]
[EventDate "2007.08.10"]
[EventType "swiss"]
[EventRounds "10"]
[EventCountry "CZE"]
[SourceTitle "CBM 119 Extra"]
[Source "ChessBase"]
[SourceDate "2007.09.04"]
[SourceVersion "1"]
[SourceVersionDate "2007.09.04"]
[SourceQuality "1"]

1. e4 c5 2. Nf3 e6 3. b3 Nf6 4. Nc3 d5 5. exd5 exd5 6. Bb2 Be7 7. g3 0-0 8. Bg2 Bg4 9. h3 Be6 10. d4 Nc6 11. 0-0 Rc8 12. Re1 a6 13. a3 Bf5 14. g4 Bg6 15. Ne2 Be4 16. Ng3 Bg6 17. Ne5 Nxd4 18. Nxg6 hxg6 19. g5 Ne4 20. Nxe4 dxe4 21. h4 Nf5 22. Rxe4 b5 23. Qe2 Qc7 24. Re1 Bd6 25. h5 Bf4 26. Qg4 Bh2+ 27. Kh1 Bd6 28. hxg6 fxg6 29. R4e2 Rcd8 30. Bd5+ Kh7 31. Qh3+ Nh6 32. Qc3 Rd7 33. Re8 1-0

[Event "Stare Mesto op"]
[Site "Stare Mesto"]
[Date "2006.08.19"]
[Round "10"]
[White "Stuchly, Radim"]
[Black "Ponizil, Cyril"]
[Result "0-1"]
[WhiteElo "2061"]
[BlackElo "2199"]
[PlyCount "84"]
[EventDate "2006.08.11"]
[EventType "swiss"]
[EventRounds "10"]
[EventCountry "CZE"]
[SourceTitle "CBM 113 Extra"]
[Source "ChessBase"]
[SourceDate "2006.09.14"]
[SourceVersion "1"]
[SourceVersionDate "2006.09.14"]
[SourceQuality "1"]

1. e4 c5 2. b3 Nc6 3. Bb2 e6 4. Nf3 d5 5. e5 Nh6 6. Bb5 Bd7 7. Bxc6 Bxc6 8. 0-0 d4 9. d3 Nf5 10. Qe2 g5 11. c3 Rg8 12. g4 Nh4 13. Nxh4 gxh4 14. h3 h5 15. Nd2 hxg4 16. hxg4 h3 17. Ne4 Bxe4 18. dxe4 d3 19. Qf3 Qh4 20. Kh2 Qxg4 21. Qxg4 Rxg4 22. Rae1 0-0-0 23. Kxh3 Rg6 24. Re3 d2 25. Rd1 Bg7 26. Rg3 Rh6+ 27. Kg2 Bxe5 28. Rg4 Kc7 29. Kf3 b5 30. Ke2 Rh2 31. Rg5 f6 32. Rxe5 fxe5 33. c4 Rh6 34. Bxe5+ Kb6 35. Ke3 Rh3+ 36. Bg3 b4 37. Rxd2 Rxd2 38. Kxd2 Rh1 39. Kc2 Ra1 40. Kb2 Re1 41. e5 Re2+ 42. Kb1 a5 0-1

[Event "CZE-chT2e 0405"]
[Site "Czech Republic"]
[Date "2005.01.16"]
[Round "6.2"]
[White "Stuchly, Radim"]
[Black "Sabol, Marian"]
[Result "0-1"]
[WhiteElo "2057"]
[BlackElo "2358"]
[PlyCount "94"]
[EventDate "2004.10.17"]
[EventType "team"]
[EventRounds "11"]
[EventCountry "CZE"]
[SourceTitle "EXT 2007"]
[Source "ChessBase"]
[SourceDate "2006.11.23"]
[SourceVersion "1"]
[SourceVersionDate "2006.11.23"]
[SourceQuality "1"]

1. Nf3 b6 2. e4 Bb7 3. Nc3 g6 4. d4 Bg7 5. Bc4 a6 6. 0-0 b5 7. Bd3 d6 8. Ne2 Nd7 9. Ng3 e6 10. c3 Ne7 11. Bg5 h6 12. Be3 0-0 13. h4 e5 14. Rc1 f5 15. Bd2 c5 16. dxe5 Nxe5 17. Nxe5 dxe5 18. Bb1 f4 19. Nh1 Qe8 20. f3 g5 21. hxg5 hxg5 22. Nf2 Rd8 23. Qe2 Bc8 24. a4 Be6 25. axb5 axb5 26. Rcd1 Bb3 27. Rc1 Bc4 28. Qe1 Rf6 29. Bc2 Rfd6 30. Rd1 g4 31. Nxg4 Bxf1 32. Kxf1 Qh5 33. Ke2 Qf7 34. Bc1 Qc4+ 35. Kf2 Rxd1 36. Bxd1 Qd3 37. Be2 Qc2 38. Kf1 c4 39. Kg1 Ng6 40. Nf2 Bf8 41. Ng4 Bc5+ 42. Kf1 Kg7 43. Nf2 Be7 44. Kg1 Bh4 45. Kf1 Nf8 46. Kg1 Ne6 47. Qf1 Ra8 0-1

[Event "Stare Mesto op"]
[Site "Stare Mesto"]
[Date "2004.08.17"]
[Round "6"]
[White "Stuchly, Radim"]
[Black "Holusova, Tana"]
[Result "1/2-1/2"]
[WhiteElo "2066"]
[BlackElo "2153"]
[PlyCount "93"]
[EventDate "2004.08.13"]
[EventType "swiss"]
[EventRounds "10"]
[EventCountry "CZE"]
[SourceTitle "EXT 2006"]
[Source "ChessBase"]
[SourceDate "2005.11.24"]
[SourceVersion "1"]
[SourceVersionDate "2005.11.24"]
[SourceQuality "1"]

1. e4 c5 2. Nf3 e6 3. d3 d5 4. Nbd2 Nf6 5. g3 Be7 6. Bg2 Nc6 7. 0-0 0-0 8. Re1 Qc7 9. Qe2 b6 10. Nf1 Ba6 11. e5 Nd7 12. c3 b5 13. h4 b4 14. h5 bxc3 15. bxc3 Qa5 16. Qc2 Rab8 17. N1h2 Bb5 18. a4 Ba6 19. Ng4 d4 20. c4 Nb4 21. Qd1 Bb7 22. Ng5 Bxg2 23. Kxg2 Nc2 24. Bd2 Nxe1+ 25. Qxe1 Qd8 26. Ne4 Rb3 27. Qe2 Qb6 28. Qf3 f5 29. exf6 Bxf6 30. h6 Be7 31. Qe2 g6 32. a5 Qc6 33. Bf4 a6 34. Kh2 Rf5 35. f3 Qb7 36. Bd2 Rb2 37. Ngf2 Ne5 38. f4 Nd7 39. Ng4 Qc6 40. Kg1 Rf8 41. Qg2 Qc7 42. Qh3 Qc6 43. Rf1 Bd8 44. Qg2 Kh8 45. Qh3 Ra2 46. Ne5 Qc7 47. Qxe6 1/2-1/2

[Event "Moravia-ch"]
[Site "Moravia"]
[Date "1997.??.??"]
[Round "?"]
[White "Stuchly, Radim"]
[Black "Polak, Tomas"]
[Result "0-1"]
[WhiteElo "1975"]
[BlackElo "2450"]
[PlyCount "62"]
[EventDate "1997.??.??"]
[EventType "swiss"]
[EventRounds "9"]
[EventCountry "CZE"]
[SourceTitle "EXT 1999"]
[Source "ChessBase"]
[SourceDate "1998.11.16"]
[SourceVersion "1"]
[SourceVersionDate "1998.11.16"]
[SourceQuality "1"]

1. Nf3 Nf6 2. g3 d5 3. Bg2 c6 4. 0-0 Bg4 5. d3 Nbd7 6. Nbd2 e5 7. e4 Bd6 8. Qe2 0-0 9. c4 Re8 10. Rb1 a5 11. Re1 a4 12. Nf1 Nc5 13. Bg5 dxe4 14. dxe4 Ne6 15. Bd2 Nd4 16. Qd3 Bxf3 17. Bxf3 Nd7 18. Bg4 Nc5 19. Qc3 Qf6 20. h4 Qg6 21. Bf3 f5 22. h5 Qf7 23. h6 fxe4 24. Bxe4 Rf8 25. f4 Rad8 26. Rbd1 Qh5 27. hxg7 Rf7 28. Qe3 Rxg7 29. Bc3 Nce6 30. f5 Nf8 31. Kg2 Bc5 0-1